[Event "SVK-ch U18/20"]
[Site "Tatralandia"]
[Date "2024.04.08"]
[Round "5"]
[White "Bucor, Mark"]
[Black "Osvald, Jakub"]
[Result "1/2-1/2"]
[WhiteElo "1884"]
[BlackElo "1517"]
[PlyCount "71"]
[EventDate "2024.04.05"]
[EventType "swiss"]
[EventRounds "9"]
[EventCountry "SVK"]
[SourceTitle "CB16_2024"]
[SourceDate "2024.04.17"]
[SourceVersion "1"]
[SourceVersionDate "2024.04.17"]
[SourceQuality "1"]

1. e4 c5 2. Nf3 d6 3. d4 cxd4 4. Nxd4 Nf6 5. Nc3 e6 6. g3 Be7 7. Bg2 0-0 8. 0-0 Bd7 9. Be3 Nc6 10. Qe2 a6 11. Rad1 Nxd4 12. Bxd4 Bc6 13. f4 Qc7 14. h3 e5 15. Be3 Rad8 16. Kh2 b5 17. a3 Qb7 18. Bg1 exf4 19. Rxf4 Ne8 20. Nd5 Nf6 21. Nxe7+ Qxe7 22. Bd4 Nd7 23. Qd2 Ne5 24. b3 f6 25. Rf2 Qb7 26. Re2 Rd7 27. Qf4 Rfd8 28. Red2 Ng6 29. Qf5 Re7 30. Re2 Qd7 31. Qf2 Rde8 32. Bc5 Bxe4 33. Bxe4 Rxe4 34. Rxe4 Rxe4 35. Rxd6 Qe8 36. Rd2 1/2-1/2

[Event "SVK-ch U18/20"]
[Site "Tatralandia"]
[Date "2024.04.07"]
[Round "3"]
[White "Bucor, Mark"]
[Black "Bulej, Matej"]
[Result "0-1"]
[WhiteElo "1884"]
[BlackElo "2067"]
[PlyCount "96"]
[EventDate "2024.04.05"]
[EventType "swiss"]
[EventRounds "9"]
[EventCountry "SVK"]
[SourceTitle "CB16_2024"]
[SourceDate "2024.04.17"]
[SourceVersion "1"]
[SourceVersionDate "2024.04.17"]
[SourceQuality "1"]

1. e4 e6 2. d4 d5 3. Nc3 Nf6 4. e5 Nfd7 5. f4 c5 6. Nf3 Nc6 7. Be3 a6 8. Ne2 b5 9. g3 Qb6 10. Bg2 Be7 11. dxc5 Bxc5 12. Nfd4 a5 13. 0-0 0-0 14. Kh1 Ba6 15. Nxc6 Qxc6 16. Bxc5 Qxc5 17. Nd4 Rac8 18. Qd2 Nb6 19. Nb3 Nc4 20. Nxc5 Nxd2 21. Nxa6 Nxf1 22. Bxf1 Rxc2 23. b4 Ra8 24. a4 axb4 25. axb5 b3 26. Rb1 b2 27. Kg1 Ra7 28. Bd3 Rc1+ 29. Kf2 Rxb1 30. Bxb1 Rb7 31. Ke2 Rxb5 32. Kd2 Kf8 33. Kc3 d4+ 34. Kxd4 Ra5 35. Nc5 Ra1 36. Be4 Rd1+ 37. Kc3 b1Q 38. Bxb1 Rxb1 39. Ne4 Ke7 40. Kd4 Rb4+ 41. Kd3 Rb2 42. h4 f5 43. Nd2 Kd7 44. h5 Kc6 45. Ke3 Kd5 46. Nf3 Rg2 47. Ng5 Rxg3+ 48. Kf2 Rxg5 0-1

[Event "SVK-ch U18/20"]
[Site "Tatralandia"]
[Date "2024.04.07"]
[Round "4"]
[White "Vojtas, Marek"]
[Black "Bucor, Mark"]
[Result "1/2-1/2"]
[WhiteElo "1676"]
[BlackElo "1884"]
[PlyCount "84"]
[EventDate "2024.04.05"]
[EventType "swiss"]
[EventRounds "9"]
[EventCountry "SVK"]
[SourceTitle "CB16_2024"]
[SourceDate "2024.04.17"]
[SourceVersion "1"]
[SourceVersionDate "2024.04.17"]
[SourceQuality "1"]

1. e4 e5 2. Nc3 Nc6 3. Bc4 Nf6 4. d3 Na5 5. Bb3 Nxb3 6. axb3 Be7 7. f4 d6 8. Nf3 Bg4 9. h3 Bxf3 10. Qxf3 c6 11. 0-0 Nd7 12. fxe5 Nxe5 13. Qf2 c5 14. Nd5 0-0 15. b4 b6 16. bxc5 dxc5 17. Qf5 Ng6 18. g3 Bd6 19. Kg2 Qb8 20. Bf4 Bxf4 21. Nxf4 Nxf4+ 22. gxf4 Qd6 23. Kh2 Qd4 24. Rab1 Rfe8 25. Qg4 Rad8 26. Rg1 g6 27. Qf3 c4 28. Rgd1 Qc5 29. Rd2 Rd7 30. f5 Red8 31. fxg6 fxg6 32. Kh1 Rf7 33. Qg3 Rdf8 34. d4 Qh5 35. Kg2 Rf3 36. Qg4 Qxg4+ 37. hxg4 R3f4 38. Re1 Rxg4+ 39. Kh1 Rff4 40. Rde2 Kf7 41. d5 Ke7 42. c3 Rh4+ 1/2-1/2

[Event "Modra Slovakia op"]
[Site "Modra"]
[Date "2024.03.04"]
[Round "7"]
[White "Bucor, Mark"]
[Black "Novomeska, Karin"]
[Result "0-1"]
[WhiteElo "1852"]
[BlackElo "1929"]
[PlyCount "53"]
[EventDate "2024.03.01"]
[EventType "swiss"]
[EventRounds "9"]
[EventCountry "SVK"]
[SourceTitle "CB11_2024"]
[SourceDate "2024.03.13"]
[SourceVersion "1"]
[SourceVersionDate "2024.03.13"]
[SourceQuality "1"]

1. e4 c6 2. d4 d5 3. f3 e6 4. Nc3 Bb4 5. Bd2 Nd7 6. Nh3 Nb6 7. a3 Bxc3 8. Bxc3 Na4 9. Bd3 Nxc3 10. bxc3 Nf6 11. 0-0 Qa5 12. Qe1 c5 13. e5 Nd7 14. f4 c4 15. Be2 Nb6 16. Qg3 g6 17. Rf3 Na4 18. Kf1 Bd7 19. Qg5 Nxc3 20. Qf6 Rf8 21. Ng5 Ne4 22. Nxe4 dxe4 23. Rh3 h5 24. g4 Qd5 25. gxh5 g5 26. h6 e3 27. h7 0-1

[Event "Modra Slovakia op"]
[Site "Modra"]
[Date "2024.03.04"]
[Round "6"]
[White "Galla, Richard"]
[Black "Bucor, Mark"]
[Result "1/2-1/2"]
[WhiteElo "1975"]
[BlackElo "1852"]
[PlyCount "69"]
[EventDate "2024.03.01"]
[EventType "swiss"]
[EventRounds "9"]
[EventCountry "SVK"]
[SourceTitle "CB11_2024"]
[SourceDate "2024.03.13"]
[SourceVersion "1"]
[SourceVersionDate "2024.03.13"]
[SourceQuality "1"]

1. d4 Nf6 2. Nc3 d5 3. Bf4 e6 4. Nf3 c5 5. e3 a6 6. Bd3 Nc6 7. h3 Bd6 8. dxc5 Bxf4 9. exf4 Qa5 10. Qd2 Qxc5 11. a3 b5 12. 0-0 0-0 13. Rfe1 Bb7 14. Ne5 Qd6 15. Rad1 Rac8 16. Na2 Nd7 17. Nxd7 Qxd7 18. Nc1 Qe7 19. b4 Qf6 20. Nb3 Rc7 21. Nc5 Rfc8 22. c3 Nb8 23. g4 Nd7 24. g5 Qe7 25. Nxd7 Qxd7 26. Re3 g6 27. Be2 Qd6 28. Qd4 Qf8 29. Kh2 Qg7 30. Qxg7+ Kxg7 31. Rdd3 Bc6 32. Kg3 Bd7 33. Bg4 h5 34. Be2 Bc6 35. Bd1 1/2-1/2

[Event "SVK-ch U20 rapid"]
[Site "Senec"]
[Date "2023.05.07"]
[Round "5"]
[White "Badinka, Adam"]
[Black "Bucor, Mark"]
[Result "1/2-1/2"]
[WhiteElo "1862"]
[BlackElo "1353"]
[PlyCount "81"]
[EventDate "2023.05.07"]
[EventType "rapid"]
[EventRounds "7"]
[EventCountry "SVK"]
[SourceTitle "EXT 2024"]
[Source "ChessBase"]
[SourceDate "2023.10.10"]
[SourceVersion "1"]
[SourceVersionDate "2023.10.10"]
[SourceQuality "1"]

1. e4 c6 2. d4 d5 3. Nc3 dxe4 4. Nxe4 Nf6 5. Ng3 h5 6. h4 c5 7. Nf3 cxd4 8. Qxd4 Qxd4 9. Nxd4 e5 10. Nb5 Na6 11. Be3 Be7 12. Bxa7 0-0 13. 0-0-0 Be6 14. Kb1 Rfc8 15. a3 Nc5 16. Be2 Nce4 17. Nxe4 Nxe4 18. Bf3 Bf5 19. Be3 Ra5 20. Bxe4 Bxe4 21. Nd6 Bxd6 22. Rxd6 Rxc2 23. Ka1 Rb5 24. Rd2 Rbxb2 25. Rxc2 Rxc2 26. Rg1 f5 27. g3 Kf7 28. Rb1 Rc3 29. Rb5 Rxa3+ 30. Kb2 Rd3 31. Rxe5 Kf6 32. Rb5 Bc6 33. Bg5+ Ke6 34. Rb4 g6 35. Kc2 Rd5 36. Bf4 b5 37. Kc3 Rd1 38. Rb2 Rd5 39. Rb4 Rd1 40. Rb2 Rd5 41. Rb4 1/2-1/2

[Event "SVK-ch U20 rapid"]
[Site "Senec"]
[Date "2023.05.07"]
[Round "7"]
[White "Rucek, Kristian"]
[Black "Bucor, Mark"]
[Result "1-0"]
[WhiteElo "1935"]
[BlackElo "1353"]
[PlyCount "65"]
[EventDate "2023.05.07"]
[EventType "rapid"]
[EventRounds "7"]
[EventCountry "SVK"]
[SourceTitle "EXT 2024"]
[Source "ChessBase"]
[SourceDate "2023.10.10"]
[SourceVersion "1"]
[SourceVersionDate "2023.10.10"]
[SourceQuality "1"]

1. d4 Nf6 2. c4 e6 3. Nf3 b6 4. g3 Bb7 5. Bg2 Bb4+ 6. Bd2 Be7 7. Nc3 0-0 8. Qc2 c5 9. d5 exd5 10. cxd5 d6 11. e4 Nbd7 12. 0-0 Ne5 13. Nxe5 dxe5 14. f4 Bd6 15. Nb5 Ba6 16. Nxd6 Bxf1 17. Rxf1 Qxd6 18. Bc3 Nd7 19. Bh3 f6 20. Be6+ Kh8 21. Qe2 Rae8 22. Qg4 c4 23. Bxd7 Re7 24. Be6 Qc5+ 25. Kg2 Rxe6 26. Qxe6 Qe3 27. Re1 Qd3 28. Qe7 Kg8 29. Qe6+ Kh8 30. Qg4 b5 31. Qe2 Qxe2+ 32. Rxe2 Rb8 33. a3 1-0

[Event "SVK-ch U20"]
[Site "Dudince"]
[Date "2023.04.23"]
[Round "9"]
[White "Bajnok, Robert"]
[Black "Bucor, Mark"]
[Result "0-1"]
[WhiteElo "1539"]
[BlackElo "1750"]
[PlyCount "50"]
[EventDate "2023.04.16"]
[EventType "tourn"]
[EventRounds "9"]
[EventCountry "SVK"]
[SourceTitle "CBM 213 Extra"]
[Source "ChessBase"]
[SourceDate "2023.05.31"]
[SourceVersion "1"]
[SourceVersionDate "2023.05.31"]
[SourceQuality "1"]

1. b4 e5 2. Bb2 Bxb4 3. Bxe5 Nf6 4. c3 Ba5 5. e3 Nc6 6. Bxf6 Qxf6 7. d4 d5 8. g3 Bf5 9. Bd3 0-0-0 10. Bxf5+ Qxf5 11. Ne2 h5 12. h3 Qe4 13. Rg1 g5 14. Nd2 Qe6 15. Rh1 h4 16. g4 Rhf8 17. Qb1 f5 18. gxf5 Rxf5 19. e4 dxe4 20. Qxe4 Qxe4 21. Nxe4 Re8 22. Rc1 Rxe4 23. Kf1 Bb6 24. Rb1 Ne5 25. Rxb6 Nd3 0-1

[Event "SVK-ch U20"]
[Site "Dudince"]
[Date "2023.04.22"]
[Round "8"]
[White "Bucor, Mark"]
[Black "Galla, Richard"]
[Result "1/2-1/2"]
[WhiteElo "1750"]
[BlackElo "1883"]
[PlyCount "54"]
[EventDate "2023.04.16"]
[EventType "tourn"]
[EventRounds "9"]
[EventCountry "SVK"]
[SourceTitle "CBM 213 Extra"]
[Source "ChessBase"]
[SourceDate "2023.05.31"]
[SourceVersion "1"]
[SourceVersionDate "2023.05.31"]
[SourceQuality "1"]

1. e4 c5 2. c3 Nf6 3. e5 Nd5 4. d4 cxd4 5. cxd4 Nc6 6. Nf3 e6 7. Nc3 Nxc3 8. bxc3 d6 9. Bf4 dxe5 10. Bxe5 Nxe5 11. Nxe5 a6 12. g3 Bd6 13. Nc4 b5 14. Nxd6+ Qxd6 15. Bg2 Rb8 16. 0-0 Bb7 17. Bxb7 Rxb7 18. Qb3 0-0 19. Rfb1 Rfb8 20. Qb4 Qc6 21. Qa5 g6 22. Rb3 Rc7 23. a4 Rbc8 24. axb5 axb5 25. Rc1 Qf3 26. Qxb5 Rxc3 27. Rbxc3 Rxc3 1/2-1/2

[Event "SVK-chT5 A22 2223"]
[Site "Slovakia"]
[Date "2023.03.04"]
[Round "8.5"]
[White "Takacs, David"]
[Black "Bucor, Mark"]
[Result "1/2-1/2"]
[WhiteElo "1345"]
[BlackElo "1678"]
[PlyCount "104"]
[EventDate "2022.10.15"]
[EventType "team-tourn"]
[EventRounds "9"]
[EventCountry "SVK"]
[SourceTitle "EXT 2024"]
[Source "ChessBase"]
[SourceDate "2023.10.10"]
[SourceVersion "1"]
[SourceVersionDate "2023.10.10"]
[SourceQuality "1"]
[WhiteTeam "Topolniky Vrakun II"]
[BlackTeam "Trnava Lokomotiva III"]
[WhiteTeamCountry "SVK"]
[BlackTeamCountry "SVK"]

1. e4 c5 2. Nc3 Nc6 3. Nf3 d6 4. h3 g6 5. Bc4 Bg7 6. 0-0 Nf6 7. d3 0-0 8. Bg5 a6 9. a3 e6 10. Qd2 b5 11. Ba2 Bb7 12. Bh6 Ne5 13. Nxe5 dxe5 14. Rae1 Qc7 15. Bxg7 Kxg7 16. f4 Rfd8 17. f5 b4 18. fxg6 hxg6 19. Qf2 Nh5 20. Ne2 Rh8 21. g4 Nf4 22. Nxf4 exf4 23. Qxf4 Qxf4 24. Rxf4 Rxh3 25. Ref1 Rf8 26. Bxe6 f6 27. g5 Rg3+ 28. Kf2 Rxg5 29. Ke3 Re5 30. Ba2 Bc6 31. axb4 cxb4 32. c3 a5 33. d4 Rh5 34. d5 Bb5 35. c4 Rh3+ 36. R1f3 Rxf3+ 37. Rxf3 Bd7 38. Kd4 a4 39. b3 Kf7 40. c5 Ke7 41. c6 Bg4 42. Rg3 Bd1 43. Kc4 axb3 44. Bxb3 Bxb3+ 45. Kxb3 g5 46. Kxb4 Kd6 47. Rg4 Rb8+ 48. Kc4 Rb1 49. Kd4 Rb4+ 50. Kc3 Rb1 51. Kd4 Rb4+ 52. Kc3 Rb1 1/2-1/2